| 000 | 00924nas a2200313 4500 | ||
|---|---|---|---|
| 001 | BR2016001807 | ||
| 003 | BR-BrBNA | ||
| 005 | 20231205130348.0 | ||
| 007 | ta | ||
| 008 | 230509b bl.|||p| |||| 00| 00por d | ||
| 040 |
_aBR-BrBNA _bpor _cBiblioteca Nacional de Agricultura |
||
| 041 | _a(Pt) | ||
| 072 | _aL73 ; L74 | ||
| 100 | 1 | _aMarcasso, R.A. | |
| 100 | 1 | _aMoreira, J.R. | |
| 100 | 1 | _aValentim, L.G. | |
| 100 | 1 | _aArias, M.V.B. | |
| 100 | 1 | _aBracarense, A.P.F.R.L. | |
| 245 | 1 | _aMeningiomas em cães: aspectos clínicos, histopatológicos e imuno-histoquímicos | |
| 650 | _aCAO | ||
| 650 | _aNEOPLASIA | ||
| 650 | _aCANCER | ||
| 650 | _aSISTEMA NERVOSO | ||
| 650 | _aIMUNIDADE | ||
| 650 | _aHISTOQUIMICA | ||
| 773 | 0 |
_tPesquisa Veterinária Brasileira (Brazil) _xISSN 0100-736X _g(Oct 2015), v. 35(10) p. 844-852 _wBR2016001807 |
|
| 909 |
_a202311 _bLúcia _c55 _dLúcia Elande |
||
| 942 |
_2AGRIS _n0 _cANA |
||
| 999 |
_c249044 _d249044 |
||